Pittsburgh Pirates Players - Sudden Death - Statistics

General Stats
  • This quiz has been taken 88 times
  • The average score is 8 of 15
Answers on the Grid
Answers color-coded by a green-red scale on the quiz's grid according to % correct below.
Andrew McCutchen
Barry Bonds
Billy Wagner
Bo Jackson
Bobby Bonilla
Casey Stengel
Charlie Sands
Connie Mack
Craig Biggio
Daryl Strawberry
Dennis Eckersley
Dustin Pedroia
Fred McGriff
Gerrit Cole
Goose Gossage
Harmon Killebrew
Honus Wagner
Jose Bautista
Justin Verlander
Kenny Lofton
Kirby Puckett
Manny Machado
Moises Alou
Paul Skenes
Pete Alonso
Randy Arozarena
Roberto Clemente
Tim Lincecum
Tommy Pham
Willie Mays
 
Answer Stats
Answer % Correct
Andrew McCutchen
94%
Barry Bonds
91%
Roberto Clemente
72%
Paul Skenes
70%
Gerrit Cole
69%
Honus Wagner
63%
Tommy Pham
61%
Bobby Bonilla
54%
Jose Bautista
39%
Charlie Sands
33%
Casey Stengel
31%
Moises Alou
26%
Connie Mack
22%
Kenny Lofton
22%
Goose Gossage
19%
No matching quizzes found
Score Distribution
Percent of People with Each Score
Percentile by Number Answered
Your Score History
You have not taken this quiz